00420 2200181 4500001002100000005001500021008004100036035001900077041000700096082001000103090001600113100001200129245001800141260003800159300002500197500000600222650001000228INLIS00000000000001720241224112113241224||||||||| | ||| |||| || |  0010-1224000017 aid0 a340.1 a340.1 SUB p0 aSubekti00aPraktek Hukum aBandungbCitra Aditya Baktic1989 aviii, 72 hlm,: 21 cm a5 0aHukum